000 00582nam a2200229Ia 4500
003 OSt
005 20221005121259.0
006 a|||||r|||| 00| 0
007 ta
008 221004b |||||||| |||| 00| 0 mar d
024 _a46678
037 _cTextual
040 _aCRL
_cCRL
_bmar
041 _2mar
_amar
082 _aV23515:5, 155J8
100 _aGannu Ramchandra
_9630330
245 0 _aGuarud itihashik ani sanskrit
260 _c1911
650 _aHISTORY
942 _hV23515:5, 155J8
_cTEXL
_2cc
999 _c1040643
_d1040643